000 00340nam a2200157Ia 4500
003 Ost
005 20260225132600.0
008 260225s9999||||xx |||||||||||||| ||und||
040 _cfsic
041 _afre
082 _a320.951
100 _aSOUHA BECHARA
_eAuteur
245 0 _aRESISTANTE /
245 0 _cSOUHA BECHARA
942 _cكتاب
999 _c34693
_d34693